000 00365nam a2200145Ia 4500
008 230917s9999||||xx |||||||||||||| ||und||
040 _e48774
_aMAIN
041 _aEnglish
082 _a954.01 J959S
100 _aJha, D N
245 0 _aStudies in early Indian economic history
260 _aDelhi
_bAnupama Publications
_c1980
300 _a102 p.
942 _cBK
999 _c210016
_d210016